Dielektromos mérési módszerek biológiai rendszerekben végbemenő egyes folyamatok detektálására - módszertani leírás
Elmentve itt :
| Szerző: | |
|---|---|
| Dokumentumtípus: | Tanítási erőforrás |
| Megjelent: |
2022
|
| Kulcsszavak: | dielektromos mérések biológiai anyagok |
| Tárgyszavak: | |
| Online Access: | http://eta.bibl.u-szeged.hu/5685 |
| LEADER | 00790nnm a2200205 i 4500 | ||
|---|---|---|---|
| 001 | eta5685 | ||
| 005 | 20220128101605.0 | ||
| 008 | 220128s2022 hu o 0|| hun d | ||
| 040 | |a SZTE Elektronikus Tananyag Archívum |b hun | ||
| 041 | |a hun | ||
| 100 | 1 | |a Beszédes Sándor | |
| 245 | 1 | 0 | |a Dielektromos mérési módszerek biológiai rendszerekben végbemenő egyes folyamatok detektálására - módszertani leírás |h [elektronikus dokumentum] / |c Beszédes Sándor |
| 260 | |c 2022 | ||
| 300 | |a 10 | ||
| 516 | |a Teaching_resource | ||
| 650 | 4 | |a Természettudományok | |
| 650 | 4 | |a Műszaki és technológiai tudományok | |
| 695 | |a dielektromos mérések | ||
| 695 | |a biológiai anyagok | ||
| 856 | 4 | 0 | |u https://eta.bibl.u-szeged.hu/5685/1/Beszedes%20Dielektromos%20modszertani.pdf |z Dokumentum-elérés |